000 00839nam a2200277Ia 4500
003 OSt
005 20220928111201.0
006 a|||||r|||| 00| 0
007 ta
008 220927b |||||||| |||| 00| 0 eng d
020 _cINR 789.00
024 _a132751
037 _b055, 14/03/2017, Excel Book International
_cTextual
040 _aSDCL
_cSDCL
_beng
041 _2eng
_aeng
082 _aD651:911, Q4
100 _aKamen Edward W.
_9422222
245 0 _aFundamentals of signals and systems using the web and matlab
250 _a3rd
260 _aNoida
_bPearson
_c2014
300 _a644p.
_ccm.
650 _aI I C
700 _a Heck Bonnie S.
_9422223
942 _hD651:911, Q4
_cTEXL
_2CC
999 _c738618
_d738618